Top 3 najpopularniejszych piłkarzy z danego kraju #7 - Statystyki

Ogólne statystyki
  • Ten quiz został rozwiązany 278 razy
    194 od ostatniego zresetowania
  • Średni wynik to 7 z 24
Statystyki odpowiedzi
Kraj Piłkarz % Poprawnych

Chorwacja

Luka Modrić
100%

Senegal

Sadio Mane
85%

Wybrzeże Kości Słoniowej

Dider Drogba
62%

Węgry

Ferenc Puskas
61%

Czechy

Petr Cech
54%
Czechy Pavel Nedved
44%
Chorwacja Ivan Rakitić
42%
Senegal Kalidou Koulibaly
41%
Chorwacja Davor Suker
40%
Wybrzeże Kości Słoniowej Yaya Toure
28%
Wybrzeże Kości Słoniowej Kolo Toure
25%
Islandia Gylfi Sigurdsson
20%
Mali Seydou Keita
16%
Czechy Jan Koller
11%
Wenezuela Josef Martinez
7%
Węgry Peter Gulacsi
6%
Węgry Sandor Kocsis
5%

Islandia

Ediour Gudjohnsen
4%
Mali Federic Kanoute
4%

Wenezuela

Salomon Rondon
4%
Senegal Aliou Cisse
2%
Islandia Birkir Bjarnason
2%

Mali

Mohamed Sissoko
2%
Wenezuela Juan Arango
1%
Nie znaleziono quizów pasujących do podanych kryteriów
Rozkład punktacji
Procent ludzi z każdym wynikiem
Percentyl według liczby udzielonych odpowiedzi
Twoja historia wyników
Nie rozwiązałeś tego quizu od ostatniego zresetowania